<?xml version="1.0" encoding="UTF-8"?>
<record
    xmlns:xsi="http://www.w3.org/2001/XMLSchema-instance"
    xsi:schemaLocation="http://www.loc.gov/MARC21/slim http://www.loc.gov/standards/marcxml/schema/MARC21slim.xsd"
    xmlns="http://www.loc.gov/MARC21/slim">

  <leader>01211nam2a2200253   4500</leader>
  <controlfield tag="001">rc\3057458</controlfield>
  <controlfield tag="005">20260315070423.0</controlfield>
  <datafield tag="035" ind1=" " ind2=" ">
    <subfield code="a">(NLR Aleph) 007196470</subfield>
  </datafield>
  <datafield tag="090" ind1=" " ind2=" ">
    <subfield code="a">13626623</subfield>
    <subfield code="c">13626623</subfield>
  </datafield>
  <datafield tag="100" ind1=" " ind2=" ">
    <subfield code="a">20111013d1939    u  y0rusy50      ca</subfield>
  </datafield>
  <datafield tag="101" ind1="0" ind2=" ">
    <subfield code="a">rus</subfield>
  </datafield>
  <datafield tag="102" ind1=" " ind2=" ">
    <subfield code="a">RU</subfield>
  </datafield>
  <datafield tag="105" ind1=" " ind2=" ">
    <subfield code="a">a   z   |||||</subfield>
  </datafield>
  <datafield tag="200" ind1="0" ind2=" ">
    <subfield code="a">&#x2116; 18</subfield>
  </datafield>
  <datafield tag="210" ind1=" " ind2=" ">
    <subfield code="d">1939</subfield>
  </datafield>
  <datafield tag="215" ind1=" " ind2=" ">
    <subfield code="a">92 &#x441;.</subfield>
    <subfield code="c">&#x438;&#x43B;., &#x442;&#x430;&#x431;&#x43B;., &#x447;&#x435;&#x440;&#x442;., &#x433;&#x440;&#x430;&#x444;.</subfield>
  </datafield>
  <datafield tag="300" ind1=" " ind2=" ">
    <subfield code="a">&#x41D;&#x430; &#x43E;&#x431;&#x43E;&#x440;&#x43E;&#x442;&#x435; &#x442;&#x438;&#x442;. &#x43B;.: &#x41E;&#x442;&#x432;. &#x440;&#x435;&#x434;. &#x41C;.&#x42F;. &#x422;&#x435;&#x43B;&#x435;&#x433;&#x438;&#x43D;</subfield>
  </datafield>
  <datafield tag="461" ind1=" " ind2="0">
    <subfield code="1">001rc\3057442</subfield>
    <subfield code="1">2000#$a&#x41D;&#x43E;&#x432;&#x43E;&#x441;&#x442;&#x438; &#x434;&#x43E;&#x440;&#x43E;&#x436;&#x43D;&#x43E;&#x439; &#x442;&#x435;&#x445;&#x43D;&#x438;&#x43A;&#x438;$e&#x421;&#x431;&#x43E;&#x440;&#x43D;&#x438;&#x43A; N 3-$f&#x41D;&#x41A;&#x412;&#x414;-&#x413;&#x443;&#x448;&#x43E;&#x441;&#x441;&#x434;&#x43E;&#x440;. &#x426;&#x435;&#x43D;&#x442;&#x440;. &#x43D;&#x430;&#x443;&#x447;.-&#x438;&#x441;&#x441;&#x43B;&#x435;&#x434;. &#x438;&#x43D;-&#x442; &#x430;&#x432;&#x442;&#x43E;&#x433;&#x443;&#x436;&#x435;&#x432;&#x44B;&#x445; &#x434;&#x43E;&#x440;&#x43E;&#x433; &#x438; &#x434;&#x43E;&#x440;&#x43E;&#x436;&#x43D;&#x44B;&#x445; &#x43C;&#x430;&#x448;&#x438;&#x43D; (&#x426;&#x414;&#x41E;&#x420;&#x41D;&#x418;&#x418;)$v&#x2116; 18</subfield>
    <subfield code="9">7589473</subfield>
    <subfield code="c">&#x41C;&#x43E;&#x441;&#x43A;&#x432;&#x430;</subfield>
    <subfield code="d">1936</subfield>
    <subfield code="f">&#x41D;&#x41A;&#x412;&#x414;-&#x413;&#x443;&#x448;&#x43E;&#x441;&#x441;&#x434;&#x43E;&#x440;. &#x426;&#x435;&#x43D;&#x442;&#x440;. &#x43D;&#x430;&#x443;&#x447;.-&#x438;&#x441;&#x441;&#x43B;&#x435;&#x434;. &#x438;&#x43D;-&#x442; &#x430;&#x432;&#x442;&#x43E;&#x433;&#x443;&#x436;&#x435;&#x432;&#x44B;&#x445; &#x434;&#x43E;&#x440;&#x43E;&#x433; &#x438; &#x434;&#x43E;&#x440;&#x43E;&#x436;&#x43D;&#x44B;&#x445; &#x43C;&#x430;&#x448;&#x438;&#x43D; (&#x426;&#x414;&#x41E;&#x420;&#x41D;&#x418;&#x418;)</subfield>
    <subfield code="n">&#x413;&#x43E;&#x441;&#x442;&#x440;&#x430;&#x43D;&#x441;&#x438;&#x437;&#x434;&#x430;&#x442;</subfield>
    <subfield code="o">&#x421;&#x431;&#x43E;&#x440;&#x43D;&#x438;&#x43A; N 3-</subfield>
    <subfield code="t">&#x41D;&#x43E;&#x432;&#x43E;&#x441;&#x442;&#x438; &#x434;&#x43E;&#x440;&#x43E;&#x436;&#x43D;&#x43E;&#x439; &#x442;&#x435;&#x445;&#x43D;&#x438;&#x43A;&#x438;</subfield>
    <subfield code="v">&#x2116; 18</subfield>
  </datafield>
  <datafield tag="702" ind1=" " ind2="1">
    <subfield code="a">&#x422;&#x435;&#x43B;&#x435;&#x433;&#x438;&#x43D;</subfield>
    <subfield code="b">&#x41C;.&#x42F;.</subfield>
    <subfield code="4">340</subfield>
  </datafield>
  <datafield tag="801" ind1=" " ind2="0">
    <subfield code="a">RU</subfield>
    <subfield code="b">NLR</subfield>
    <subfield code="g">psbo</subfield>
  </datafield>
  <datafield tag="801" ind1=" " ind2="1">
    <subfield code="a">RU</subfield>
    <subfield code="b">ELAR</subfield>
    <subfield code="2">rusmarc</subfield>
  </datafield>
  <datafield tag="852" ind1=" " ind2=" ">
    <subfield code="a">NLR</subfield>
    <subfield code="j">36-17/242</subfield>
  </datafield>
  <datafield tag="942" ind1=" " ind2=" ">
    <subfield code="c">UNSPEC</subfield>
  </datafield>
  <datafield tag="980" ind1=" " ind2=" ">
    <subfield code="a">NB</subfield>
  </datafield>
</record>
